000 00700cab a2200205 4500
001 WB2424-10
008 090401t1988 xxu||||| |||| 00| 0 eng d
035 _a(Sirsi) u42844
041 _aeng
245 _aNew BES scheme
260 _c1988
350 _a0
490 _aBuilding
_vvol 253 no 7552, 17/6/88 p11
520 _aHousing associations are expressing interest in a business expansion scheme fund initiated by the National Federation of Housing Associations which would supply them with homes and give individuals tax-free gains on their investment s.
650 _aASSURED TENANCIES
650 _aHOUSING
690 _aBlock management
_96220
942 _n0
948 _c04/03/1997
999 _c27405
_d27405